000 03565nam a2200469 a 4500
001 000103756
003 CHAP
005 20241108141219.0
007 cr ||||||a|c|a
008 110111s2010 mx r 00010 spa d
035 _a111878
040 _cCHAP
090 _aTesis
100 1 _aGonzález Sánchez, Antonio Lemuel.
_949414
245 1 0 _aAminoácidos excitadores, fotoperíodos crecientes y niveles sericos de testosterona en machos caprinos
_c/por Antonio Lemuel González Sánchez; director de tesis César Alberto Meza Herrera.
260 _aBermejillo, Dgo. :
_bEl autor,
_c2010.
300 _a1 recurso en línea (58 páginas):
_bcuadros, figuras.
336 _2rdacontent
_atexto
_btxt
337 _2rdamedia
_acomputadora
_bc
338 _2rdacarrier
_arecursos en línea
_bcr
502 _bISP
_cURUZA
_d2010.
_gLIC
520 _aSe evaluó el uso de la suplementación de L-glutamato sobre el comportamiento hipotalámico-hipofisiario-gonadal en machos caprinos, cuantificando los niveles séricos de testosterona (TESTO), el peso vivo (PV), la condición corporal (CC) y la circunferencia escrotal (CE), dentro de un fotoperiodo natural creciente. El experimento se realizó en la Unidad de Experimentación Caprina Sur, (URUZA-UACH, 25° LN, 103° LO, 1,117 msnm), en marzo. Machos Alpinos (n=6, 24 meses, PV 52.8 ±1.4 kg), recibieron una dieta a libre acceso de heno de alfalfa (14% PC; 1.14Mcal kg-1 ENm) y ensilado de maíz (8.1% PC; 1.62 Mcal kg-1 ENm). Los grupos experimentales consideraron: 1) Grupo L-glutamato (GLUT n=3; PV = 50.30.33 kg, CC= 3.30±0.04 unidades) y 2) Grupo control, (CONT, n=3; PV = PV=49.30.33 kg, 3.40±0.04 unidades). Mientras que el grupo GLUT recibió una infusión de L-glutamato (7 mg kg-1 PV, i.v.) en el tiempo tres (minuto 60) dentro de un muestreo intensivo (180 minutos x 15 min), el grupo CONT recibió una aplicación endovenosa de solución salina. Mientras que el PV (49.83±0.33 kg), la CC (3.20±0.11 unidades) y la CE (24.21±0.77 cm) no difirieron (P>0.05) entre tratamientos, tanto los niveles séricos (0.99 vs. 0.25 ng mL-1) como el patrón de secreción de TESTO a través del tiempo difirieron (P>0.05) entre tratamientos en favor del grupo GLUT. Las infusiones endovenosas de L-glutamato afectaron positivamente el patrón de síntesis y secreción de testosterona bajo un esquema fotico considerado como inhibitorio de la función reproductiva esta latitud. Lo anterior puede ser de significancia tanto biológica como económica en sistemas de producción semi-extensivos e intensivos que utilicen grupos genéticos con alto encaste a grupos raciales enfocados a la producción de leche.
590 _aALEPH
_b10
_c20130110
590 _aBATCH-UPD
_b10
_c20130110
590 _aBATCH-UPD
_b10
_c20130410
590 _aBATCH-UPD
_b10
_c20130914
590 _aBATCH-UPD
_b10
_c20140324
590 _aBATCH-UPD
_b10
_c20141002
590 _aCONVERSION
_b10
_c20130109
590 _aE11695DGD
_b10
_c20141006
590 _aE11695DGD
_b10
_c20160506
650 1 4 _aAminoacidos en nutricion animal.
_95342
650 1 4 _aGanado cabrío
_xDurango.
_945004
700 1 _aMeza Herrera, César Alberto
_975332
_eDirector de tesis.
856 _uhttp://10.13.5.2/tesis/111878.pdf
_zDESCARGAR PDF
901 _aBK
942 _cTD
_2Clasificación Universidad Autónoma Chapingo
949 _aTesis
_bBC
_cTES
_d33724002225446
_eTS1
_gDonaciØn
_h51711
_i111878
_sb
949 _aTesis
_bBC
_cTES
_d33724002225488
_eTS2
_fc.2
_gDonaciØn
_h51712
_i111878
_sb
999 _c100219
_d100219